[Event "Open A"]
[Site "Panevezys"]
[Date "2008.08.14"]
[Round "4.16"]
[White "Lomonosovas, Vitalijus"]
[Black "Kviliunas, Vladislovas"]
[Result "1-0"]
[WhiteElo "2123"]
[BlackElo "1877"]
[PlyCount "75"]
[EventDate "2008.08.12"]

1. e4 c6 2. c4 e6 3. d4 d5 4. cxd5 cxd5 5. exd5 exd5 6. Nc3 Nf6 7. Bg5 Be7 8.
Bd3 O-O 9. Nge2 Be6 10. O-O h6 11. Bh4 Nbd7 12. Nf4 Bg4 13. f3 g5 14. fxg4 gxh4
15. Ncxd5 Nb6 16. Nxe7+ Qxe7 17. Qf3 Qd7 18. Ne2 Nbd5 19. Bf5 Qe7 20. h3 Rae8
21. Nc3 Qb4 22. Rfd1 Re3 23. Nxd5 Nxd5 24. Qxd5 Rfe8 25. Rf1 Kg7 26. Bd3 f6 27.
Qf5 R8e6 28. Qg6+ Kf8 29. Rxf6+ Rxf6 30. Qxf6+ Ke8 31. Bg6+ Kd7 32. Bf5+ Ke8
33. Qg6+ Kd8 34. Qf6+ Re7 35. Qf8+ Kc7 36. Rc1+ Kb6 37. Qd8+ Ka6 38. Bd3+ 1-0

[Event "Open A"]
[Site "Panevezys"]
[Date "2008.08.14"]
[Round "4.17"]
[White "Batkovskyte, Dominyka"]
[Black "Petraitis, Gintautas"]
[Result "1-0"]
[WhiteElo "1934"]
[BlackElo "2071"]
[PlyCount "123"]
[EventDate "2008.08.12"]

1. d4 Nf6 2. c4 g6 3. Nc3 Bg7 4. Nf3 O-O 5. Bg5 d6 6. e3 c6 7. Be2 Qc7 8. O-O
e5 9. Rc1 Nbd7 10. h3 a6 11. b4 b6 12. Bh4 Re8 13. Bg3 Bb7 14. c5 bxc5 15. bxc5
Nh5 16. cxd6 Qxd6 17. Bxe5 Nxe5 18. dxe5 Bxe5 19. Qb3 Bxc3 20. Rxc3 Qe7 21.
Rfc1 Nf6 22. Rc5 Qc7 23. Ng5 h6 24. Nxf7 Qxf7 25. Bc4 Nd5 26. Bxd5 cxd5 27. Rc7
Qe6 28. Qxb7 Rab8 29. Qc6 Rb6 30. Qc3 Re7 31. Rxe7 Qxe7 32. Qc8+ Qf8 33. Qg4
Qd6 34. Qc8+ Qf8 35. Qd7 Rd6 36. Qg4 h5 37. Qd4 Qd8 38. Qa7 Rb6 39. Rc7 Rb1+
40. Kh2 Qd6+ 41. g3 Qf8 42. Rc2 h4 43. Qxa6 hxg3+ 44. fxg3 Kg7 45. Qd3 Qf7 46.
Qd4+ Kh7 47. Qf4 Rf1 48. Qxf7+ Rxf7 49. Kg2 Kg7 50. a4 Ra7 51. Ra2 Kf6 52. Kf3
Ra5 53. Rd2 g5 54. Rd4 Kf5 55. h4 gxh4 56. gxh4 Kg6 57. Kg4 Kh6 58. Kf5 Ra8 59.
Rxd5 Rxa4 60. e4 Kh5 61. e5 Kxh4 62. e6 1-0

[Event "Open A"]
[Site "Panevezys"]
[Date "2008.08.14"]
[Round "4.18"]
[White "Barsciauskas, Gintautas"]
[Black "Beinoraite, Viktorija"]
[Result "1/2-1/2"]
[WhiteElo "1920"]
[BlackElo "2012"]
[PlyCount "31"]
[EventDate "2008.08.12"]

1. d3 d5 2. Nd2 g6 3. e4 c6 4. Be2 Bg7 5. c3 e5 6. Ngf3 Ne7 7. O-O O-O 8. Re1
d4 9. Nf1 c5 10. Ng3 dxc3 11. bxc3 Nbc6 12. Bb2 a6 13. a4 h6 14. Qc2 Be6 15.
Reb1 Qc7 16. d4 1/2-1/2

[Event "Open A"]
[Site "Panevezys"]
[Date "2008.08.14"]
[Round "4.19"]
[White "Balcaite, Agne"]
[Black "Kuvsinov, Anatolij"]
[Result "1-0"]
[WhiteElo "1830"]
[BlackElo "1984"]
[PlyCount "41"]
[EventDate "2008.08.12"]

1. e4 e5 2. Nf3 Nc6 3. d4 exd4 4. Nxd4 Qh4 5. Nb5 Qxe4+ 6. Be2 Kd8 7. N1c3 Bb4
8. O-O Bxc3 9. Nxc3 Qe8 10. Bf4 Nf6 11. Nb5 Ne5 12. Qd4 d6 13. Rfe1 Nfd7 14.
Bg4 f6 15. Rad1 Qe7 16. Qc3 Nb6 17. Bxe5 fxe5 18. Rxe5 Qf7 19. Bh5 Qd7 20. Qg3
h6 21. Rc5 1-0

[Event "Open A"]
[Site "Panevezys"]
[Date "2008.08.14"]
[Round "4.20"]
[White "Zemlickas, Arunas"]
[Black "Silkus, Algirdas"]
[Result "0-1"]
[WhiteElo "2095"]
[BlackElo "1897"]
[PlyCount "58"]
[EventDate "2008.08.12"]

1. d4 Nf6 2. c4 c5 3. d5 b5 4. cxb5 a6 5. bxa6 Bxa6 6. Nc3 d6 7. Bg5 Nbd7 8.
Nf3 g6 9. g3 Bg7 10. Bg2 O-O 11. O-O h6 12. Be3 Nb6 13. Qd2 Nc4 14. Qc1 Ng4 15.
Bf4 g5 16. Bd2 Rb8 17. Rb1 Qb6 18. b3 Nxd2 19. Nxd2 Qb4 20. Na4 Bxe2 21. Re1
Bd3 22. a3 Qd4 23. Re4 Qxf2+ 24. Kh1 Bxe4 25. Nxe4 Qd4 26. h3 Ne3 27. Bf3 f5
28. Nec3 g4 29. Ne2 Qe5 0-1

[Event "Open A"]
[Site "Panevezys"]
[Date "2008.08.14"]
[Round "4.21"]
[White "Ralys, Vincas"]
[Black "Kubilius, Jonas"]
[Result "0-1"]
[WhiteElo "1841"]
[BlackElo "2085"]
[PlyCount "82"]
[EventDate "2008.08.12"]

1. e4 c5 2. Nf3 Nc6 3. d4 cxd4 4. Nxd4 Nf6 5. Nc3 e5 6. Ndb5 d6 7. Bg5 Be7 8.
Bxf6 gxf6 9. Nd5 O-O 10. Nxe7+ Qxe7 11. Qxd6 Rd8 12. Qxe7 Nxe7 13. Bd3 a6 14.
Nc3 Be6 15. a4 Rd4 16. O-O Rc8 17. Ne2 Rb4 18. b3 f5 19. f3 f4 20. g3 fxg3 21.
hxg3 Rd8 22. Kf2 Rb6 23. Rh1 Rbd6 24. Rh5 Ng6 25. b4 f6 26. Rah1 R8d7 27. f4
Bg4 28. Bc4+ Kh8 29. Rh6 Rg7 30. f5 Ne7 31. b5 Ng8 32. R6h4 Ne7 33. Ke3 Nc8 34.
Nc3 axb5 35. axb5 Nb6 36. Bb3 Rd4 37. Rh6 Rc7 38. Nd5 Nxd5+ 39. Bxd5 Rc3+ 40.
Kf2 Rxc2+ 41. Ke3 Re2# 0-1

[Event "Open A"]
[Site "Panevezys"]
[Date "2008.08.14"]
[Round "4.22"]
[White "Zebelis, Rimantas"]
[Black "Klabis, Rokas"]
[Result "1-0"]
[WhiteElo "1994"]
[BlackElo "1838"]
[PlyCount "67"]
[EventDate "2008.08.12"]

1. d4 d5 2. Nf3 Nf6 3. c4 e6 4. a3 dxc4 5. Qa4+ Bd7 6. Qxc4 Bd6 7. g3 Bc6 8.
Bg2 O-O 9. O-O b5 10. Qb3 a6 11. Bg5 h6 12. Bxf6 Qxf6 13. Nbd2 Qg6 14. Rac1 Bd5
15. Ne5 Bxe5 16. Bxd5 exd5 17. dxe5 c6 18. f4 Qf5 19. Nf3 Rc8 20. Rfd1 a5 21.
Nd4 Qg4 22. Kg2 Ra6 23. Qe3 g6 24. Rf1 Re8 25. h3 Qd7 26. Rc2 Re7 27. f5 Qe8
28. fxg6 fxg6 29. e6 c5 30. Rxc5 Nc6 31. Rxd5 Nxd4 32. Qxd4 Qa8 33. e4 Re8 34.
Rd7 1-0

[Event "Open A"]
[Site "Panevezys"]
[Date "2008.08.14"]
[Round "4.26"]
[White "Petuchovas, Robertas"]
[Black "Narva, Triin"]
[Result "1/2-1/2"]
[WhiteElo "1981"]
[BlackElo "1835"]
[PlyCount "126"]
[EventDate "2008.08.12"]

1. d4 Nf6 2. c4 g6 3. Nc3 Bg7 4. Nf3 O-O 5. g3 d6 6. Bg2 Nbd7 7. O-O Rb8 8. Nb5
a6 9. Na7 c5 10. e3 cxd4 11. exd4 Qc7 12. b3 b5 13. Nxc8 Rfxc8 14. cxb5 axb5
15. a4 bxa4 16. bxa4 Qa7 17. Qd3 Rb4 18. a5 Nd5 19. Be3 N7f6 20. Rfc1 Rcb8 21.
Nd2 R4b5 22. Rc8+ Rxc8 23. Qxb5 Nxe3 24. fxe3 Bh6 25. Qd3 e5 26. h3 Re8 27. Rf1
Kg7 28. Nc4 exd4 29. exd4 d5 30. Nd6 Re6 31. Nb5 Qxa5 32. Rf3 Qe1+ 33. Kh2 Qe2
34. Qb1 Rb6 35. Nc3 Rxb1 36. Nxe2 Rd1 37. Rb3 Rd2 38. Bf3 Ne4 39. Kg2 Nd6 40.
Kf2 Nf5 41. Ke1 Nxd4 42. Nxd4 Rxd4 43. Rb5 Rd3 44. Ke2 Re3+ 45. Kf2 d4 46. Rd5
Re6 47. g4 Be3+ 48. Ke2 Rb6 49. h4 Rb2+ 50. Kd3 Rb3+ 51. Ke4 Bf2 52. h5 Re3+
53. Kf4 h6 54. hxg6 fxg6 55. g5 Re7 56. gxh6+ Kxh6 57. Bd1 Re3 58. Kg4 Rg3+ 59.
Kf4 g5+ 60. Kf5 Be3 61. Rd6+ Kg7 62. Rd7+ Kh6 63. Rd6+ Kg7 1/2-1/2

[Event "Open A"]
[Site "Panevezys"]
[Date "2008.08.14"]
[Round "4.27"]
[White "Pomaro, Stefano"]
[Black "Jankunas, Valentinas"]
[Result "1-0"]
[WhiteElo "1882"]
[BlackElo "1843"]
[PlyCount "37"]
[EventDate "2008.08.12"]

1. e4 e5 2. Nf3 Nf6 3. Nc3 Nc6 4. Bb5 Bb4 5. d3 d6 6. O-O Bxc3 7. bxc3 O-O 8.
Qe2 Qe7 9. Nh4 a6 10. Ba4 d5 11. Bg5 h6 12. Bxf6 Qxf6 13. g3 Bh3 14. Ng2 dxe4
15. Qxe4 b5 16. Bb3 Ne7 17. f4 exf4 18. Rxf4 Qd6 19. Rxf7 1-0

[Event "Open A"]
[Site "Panevezys"]
[Date "2008.08.14"]
[Round "4.28"]
[White "Januseviciute, Donata"]
[Black "Voroblievas, Arturas"]
[Result "0-1"]
[WhiteElo "1856"]
[BlackElo "1962"]
[PlyCount "124"]
[EventDate "2008.08.12"]

1. d4 d5 2. c4 c6 3. Nf3 Nf6 4. Nc3 e6 5. Bg5 Be7 6. e3 Nbd7 7. Rc1 O-O 8. a3
Ne4 9. Bxe7 Qxe7 10. Bd3 f5 11. O-O Kh8 12. cxd5 exd5 13. b4 a6 14. Na4 g5 15.
Nc5 Nexc5 16. dxc5 g4 17. Nd4 Ne5 18. Ne2 Bd7 19. Nf4 Qf7 20. Be2 Be8 21. Qd4
Qf6 22. Kh1 Ng6 23. Nxg6+ Bxg6 24. h3 Qxd4 25. exd4 gxh3 26. gxh3 f4 27. f3
Rae8 28. Rfe1 Re3 29. Ra1 Rfe8 30. Ra2 Bd3 31. Bxd3 Rxe1+ 32. Kg2 R8e3 33. Bf5
R3e2+ 34. Rxe2 Rxe2+ 35. Kf1 Re3 36. Kf2 Kg7 37. Bc8 Re7 38. h4 h5 39. a4 Kf6
40. Kg2 Rc7 41. Bh3 Ke7 42. Bf5 Kd8 43. Kf2 Rg7 44. Bd3 a5 45. bxa5 Kc7 46. a6
bxa6 47. Bxa6 Rg8 48. Bd3 Ra8 49. Bg6 Kb7 50. Bxh5 Rh8 51. Bg6 Rxh4 52. Kg2 Rh6
53. Bd3 Re6 54. a5 Re3 55. a6+ Ka7 56. Bf1 Re1 57. Kf2 Rd1 58. Ke2 Rxd4 59. Ke1
Ra4 60. Kd2 Ra5 61. Kc3 Rxc5+ 62. Kd4 Rc1 0-1

[Event "Open A"]
[Site "Panevezys"]
[Date "2008.08.14"]
[Round "4.29"]
[White "Bazevicius, Albertas"]
[Black "Novikovas, Anatolijus"]
[Result "1/2-1/2"]
[WhiteElo "1898"]
[BlackElo "1900"]
[PlyCount "86"]
[EventDate "2008.08.12"]

1. d4 Nf6 2. c4 e6 3. Nf3 b6 4. g3 Ba6 5. Qa4 Bb7 6. Bg2 c5 7. dxc5 Bxc5 8. O-O
O-O 9. Nc3 Be7 10. Bf4 Na6 11. Qc2 Qc8 12. Nb5 d5 13. Nd6 Bxd6 14. Bxd6 Re8 15.
Ne5 dxc4 16. Bxb7 Qxb7 17. Qxc4 Ne4 18. Rfd1 Rac8 19. Qb5 Red8 20. Ba3 h6 21.
Rxd8+ Rxd8 22. Nc6 Rd7 23. Ne5 Rd8 24. Rc1 Nf6 25. Nc6 Rd7 26. b3 Nc7 27. Qe5
Nfe8 28. b4 b5 29. Qe3 a6 30. Bb2 Nd5 31. Qb3 Rc7 32. Nd4 Rxc1+ 33. Bxc1 Qc8
34. Bd2 Nd6 35. Qd3 Qc4 36. a3 Qxd3 37. exd3 Kf8 38. Nc6 Ne8 39. Kf1 Nec7 40.
Ke2 Ke8 41. h3 Kd7 42. Ne5+ Ke7 43. Nc6+ Kd7 1/2-1/2

[Event "Open A"]
[Site "Panevezys"]
[Date "2008.08.15"]
[Round "5.1"]
[White "Solodovnichenko, Yuri"]
[Black "Savickas, Airidas"]
[Result "1-0"]
[WhiteElo "2541"]
[BlackElo "2351"]
[PlyCount "67"]
[EventDate "2008.08.12"]

1. e4 c5 2. Nf3 d6 3. d4 cxd4 4. Nxd4 Nf6 5. Nc3 g6 6. Be3 Bg7 7. f3 Nc6 8. Bc4
O-O 9. Bb3 Bd7 10. h4 Qa5 11. Qd2 Rfc8 12. O-O-O Ne5 13. Kb1 Nc4 14. Bxc4 Rxc4
15. Nb3 Qd8 16. e5 Ne8 17. exd6 Nxd6 18. Bd4 Bxd4 19. Nxd4 Rac8 20. h5 Qf8 21.
g4 Rxc3 22. bxc3 Nc4 23. Qc1 e5 24. Nb3 Be6 25. hxg6 fxg6 26. Qh6 Qe7 27. Qh4
Qc7 28. Rd3 Na3+ 29. Kb2 Nb5 30. Rhd1 Bd5 31. Qe1 Bf7 32. a4 Nd4 33. cxd4 Qxc2+
34. Ka3 1-0

[Event "Open A"]
[Site "Panevezys"]
[Date "2008.08.15"]
[Round "5.2"]
[White "Narmontas, Tauras"]
[Black "Kveinys, Aloyzas"]
[Result "0-1"]
[WhiteElo "2256"]
[BlackElo "2527"]
[PlyCount "104"]
[EventDate "2008.08.12"]

1. e4 c5 2. Nf3 e6 3. d4 cxd4 4. Nxd4 a6 5. Bd3 Nf6 6. O-O Qc7 7. Qe2 d6 8. c4
g6 9. Nc3 Bg7 10. h3 O-O 11. Be3 Nbd7 12. Nf3 b6 13. Rac1 Bb7 14. b4 Nh5 15.
Rfd1 Rac8 16. g4 Nhf6 17. a3 h5 18. g5 Nh7 19. Na4 f6 20. c5 dxc5 21. Bc4 Rce8
22. Nd4 Kh8 23. Nxe6 Rxe6 24. Bxe6 Ne5 25. Bf4 Nxg5 26. Bxg5 fxg5 27. Rc3 Bc6
28. Nb2 Bb5 29. Nc4 Qe7 30. Bd5 cxb4 31. Re3 bxa3 32. Nxe5 Bxe2 33. Nxg6+ Kh7
34. Nxf8+ Qxf8 35. Rxe2 Qf3 36. Rde1 Be5 37. Re3 Qf8 38. Kg2 b5 39. Rf3 Qc5 40.
Rf5 Bd4 41. Rxg5 Qc2 42. Rxh5+ Kg6 43. Rf5 a2 44. Bxa2 Qxa2 45. Rd1 Qc4 46. Rd5
Bf6 47. Kf3 b4 48. Rg1+ Kf7 49. Rf5 Ke7 50. e5 Qd3+ 51. Kf4 Qd4+ 52. Kf3 Bh4
0-1

[Event "Open A"]
[Site "Panevezys"]
[Date "2008.08.15"]
[Round "5.3"]
[White "Godlauskas, Kazys"]
[Black "Malisauskas, Vidmantas"]
[Result "1/2-1/2"]
[WhiteElo "2262"]
[BlackElo "2476"]
[PlyCount "38"]
[EventDate "2008.08.12"]

1. e4 Nf6 2. Nc3 d5 3. e5 Ne4 4. Nce2 f6 5. d3 Ng5 6. f4 Nf7 7. d4 c5 8. c3 Nc6
9. Be3 cxd4 10. cxd4 e6 11. Nf3 Be7 12. Nc3 Qb6 13. Qd2 Bd7 14. Bd3 Na5 15. O-O
Rc8 16. exf6 Bxf6 17. Ne5 Bxe5 18. fxe5 Nc4 19. Bxc4 Rxc4 1/2-1/2

[Event "Open A"]
[Site "Panevezys"]
[Date "2008.08.15"]
[Round "5.5"]
[White "Garnelis, Julius"]
[Black "Dambrauskas, Virginijus"]
[Result "1/2-1/2"]
[WhiteElo "2166"]
[BlackElo "2341"]
[PlyCount "202"]
[EventDate "2008.08.12"]

1. e4 c6 2. d4 d5 3. Nc3 dxe4 4. Nxe4 Nd7 5. Nf3 Ngf6 6. Ng3 e6 7. Bd3 Be7 8.
O-O b6 9. Qe2 Bb7 10. Bg5 Nd5 11. Bxe7 Qxe7 12. c4 Nf4 13. Qe3 Nxd3 14. Qxd3
O-O 15. Rfe1 Qd8 16. Rad1 Nf6 17. Ne4 c5 18. Nxf6+ Qxf6 19. dxc5 Rfd8 20. Qe3
Bxf3 21. Qxf3 Qxf3 22. gxf3 bxc5 23. Rxd8+ Rxd8 24. Re5 Rc8 25. Re3 Kf8 26. Rb3
Rc7 27. Rb8+ Ke7 28. Kg2 h5 29. b3 Kf6 30. h4 Ke5 31. Kg3 g6 32. Rd8 Kf5 33.
Rf8 Kf6 34. Re8 Rc6 35. Ra8 Ra6 36. Rc8 Rxa2 37. Rxc5 a5 38. Rb5 a4 39. bxa4
Rxa4 40. Rc5 Ra7 41. Kf4 Rd7 42. Rc8 Rd4+ 43. Kg3 Rd2 44. Rc7 Rc2 45. f4 Rc3+
46. f3 Rc2 47. Kh3 Rd2 48. Kg3 Rd4 49. c5 Rc4 50. c6 Rc2 51. Kh3 Rc3 52. Kg2
Rc4 53. Kg3 Kg7 54. Rc8 Kh7 55. Rc7 Kg8 56. Rc8+ Kg7 57. Rc7 Kf6 58. Rc8 Kf5
59. Rc7 f6 60. Ra7 Rxc6 61. Ra5+ e5 62. fxe5 fxe5 63. Rb5 Rd6 64. Ra5 Rd3 65.
Ra8 Ke6 66. Re8+ Kf6 67. Kf2 Rd2+ 68. Kg3 Rd6 69. Rf8+ Ke7 70. Ra8 Rd3 71. Ra5
Kf6 72. Ra6+ Kf5 73. Ra8 Rd6 74. Ra5 Rd7 75. Rb5 Ra7 76. Rc5 Ra6 77. Rb5 Kf6
78. Rc5 Ke6 79. Rb5 Rd6 80. Ra5 Rd5 81. Ra6+ Kf5 82. Ra8 Rd6 83. Ra5 Kf6 84.
Rb5 Re6 85. Ra5 Re8 86. Ra6+ Kf5 87. Ra5 Rb8 88. Rc5 Rb4 89. Rc8 Kf6 90. Rc6+
Kf5 91. Rc8 Rb3 92. Rf8+ Ke6 93. Ra8 Kd5 94. Ra5+ Ke6 95. Ra6+ Kf5 96. Ra8 Rb4
97. Ra5 Rf4 98. Rb5 Kf6 99. Rb6+ Kg7 100. Rb7+ Rf7 101. Rb5 Re7 1/2-1/2

[Event "Open A"]
[Site "Panevezys"]
[Date "2008.08.15"]
[Round "5.7"]
[White "Lasinskas, Povilas"]
[Black "Milasevicius, Jonas"]
[Result "1-0"]
[WhiteElo "2269"]
[BlackElo "2019"]
[PlyCount "33"]
[EventDate "2008.08.12"]

1. d4 d5 2. Bg5 c6 3. Nc3 Nf6 4. e3 Bf5 5. Bd3 Bxd3 6. Qxd3 Nbd7 7. Nf3 e6 8.
Ne5 h6 9. Bh4 Qc7 10. f4 c5 11. O-O a6 12. f5 c4 13. Qe2 Nxe5 14. dxe5 Ng8 15.
fxe6 fxe6 16. Rxf8+ Kxf8 17. Rf1+ 1-0

[Event "Open A"]
[Site "Panevezys"]
[Date "2008.08.15"]
[Round "5.9"]
[White "Labuckas, Aidas"]
[Black "Batkovskyte, Dominyka"]
[Result "1-0"]
[WhiteElo "2288"]
[BlackElo "1934"]
[PlyCount "149"]
[EventDate "2008.08.12"]

1. c4 e6 2. g3 d5 3. Nf3 Nf6 4. Bg2 dxc4 5. Qa4+ c6 6. Qxc4 b5 7. Qc2 Bb7 8.
O-O Nbd7 9. d3 Be7 10. b3 O-O 11. Bb2 c5 12. Nbd2 Rc8 13. Rac1 Qb6 14. Qb1 Rfd8
15. Qa1 a6 16. a3 h6 17. Rc2 Bf8 18. Rfc1 Qd6 19. Nh4 Bxg2 20. Nxg2 Qb8 21. Nh4
Qb7 22. Nhf3 Be7 23. Qb1 Bd6 24. Rd1 Qb6 25. Rcc1 Qb8 26. Qa1 Be7 27. Ne5 Nxe5
28. Bxe5 Qb7 29. Rc2 Rc6 30. Rdc1 Rdc8 31. Ra2 Ne8 32. a4 Bf6 33. axb5 Qxb5 34.
Bxf6 Nxf6 35. Ra5 Qb7 36. Qa3 Qb4 37. Qa2 Ra8 38. Rc4 Qb6 39. Qa3 Rac8 40. Rca4
Ra8 41. Nc4 Qb7 42. Nd2 Nd5 43. Rc4 Qe7 44. Rcxc5 Rxc5 45. Rxc5 Qg5 46. Qc1 Qg4
47. Nf3 Qb4 48. Rc8+ Rxc8 49. Qxc8+ Kh7 50. Qc4 Qa5 51. Kg2 Qa2 52. d4 a5 53.
Ne5 f6 54. Nd7 a4 55. Qd3+ f5 56. bxa4 Qxa4 57. Nc5 Qc6 58. Qf3 Qb6 59. e4 Ne7
60. exf5 exf5 61. Qb7 Qf6 62. Qd7 f4 63. Qe6 f3+ 64. Kh3 Qf8 65. Nd7 Qd8 66.
Qe4+ Kh8 67. Ne5 Qc8+ 68. Qg4 Qa6 69. Qxf3 Qe6+ 70. Kg2 Nf5 71. Qa8+ Kh7 72.
Qe4 g6 73. Qc6 Nxd4 74. Qc7+ Kg8 75. Qd8+ 1-0

[Event "Open A"]
[Site "Panevezys"]
[Date "2008.08.15"]
[Round "5.10"]
[White "Lomonosovas, Vitalijus"]
[Black "Klimciauskas, Domantas"]
[Result "0-1"]
[WhiteElo "2123"]
[BlackElo "2222"]
[PlyCount "110"]
[EventDate "2008.08.12"]

1. Nf3 Nf6 2. c4 e6 3. g3 b6 4. Bg2 Bb7 5. O-O c5 6. b3 Be7 7. Bb2 O-O 8. Nc3
Qc8 9. d4 cxd4 10. Qxd4 d6 11. e4 Rd8 12. a4 Nc6 13. Qd2 Nd7 14. Nd4 a6 15.
Nxc6 Bxc6 16. Qe2 Ra7 17. Rfe1 Rc7 18. Ba3 Nc5 19. Qc2 Qa8 20. Rad1 Bb7 21. Rd2
f5 22. f3 Bg5 23. f4 Bf6 24. Bxc5 dxc5 25. e5 Bxg2 26. Rxd8+ Qxd8 27. Rd1 Rd7
28. Rxd7 Qxd7 29. Kxg2 Be7 30. Qd1 Qc6+ 31. Kf2 g6 32. Qf3 Qd7 33. Qd1 Qc7 34.
Ke3 Kf7 35. h4 h6 36. Qf3 Kg7 37. Qd1 Qb7 38. Qf3 Qc8 39. Qd1 g5 40. hxg5 hxg5
41. Qh1 Qe8 42. Qd1 Qh8 43. Qf3 Qh2 44. Ne2 Kf7 45. Qb7 Qh8 46. Qf3 Qd8 47. Qh1
Kg7 48. Qb7 Kg6 49. Qc6 Kf7 50. Qb7 Qd1 51. Qxb6 Bd8 52. Qxa6 Qxb3+ 53. Kf2
gxf4 54. gxf4 Bh4+ 55. Kg2 Qb1 0-1

[Event "Open A"]
[Site "Panevezys"]
[Date "2008.08.15"]
[Round "5.11"]
[White "Vaitonis, Vytautas"]
[Black "Narmontas, Raimondas"]
[Result "0-1"]
[WhiteElo "2078"]
[BlackElo "2148"]
[PlyCount "65"]
[EventDate "2008.08.12"]

1. d4 d6 2. Nf3 Bg4 3. Nbd2 Nd7 4. g3 g6 5. Bg2 Bg7 6. c3 c5 7. O-O Qb6 8. Qa4
Ngf6 9. h3 Bxf3 10. Nxf3 O-O 11. e4 Qc7 12. Re1 e5 13. dxe5 dxe5 14. Nh2 a6 15.
Be3 b5 16. Qc2 c4 17. Nf1 Rfd8 18. Red1 Nc5 19. Bxc5 Qxc5 20. Rxd8+ Rxd8 21.
Rd1 Rd6 22. Ne3 Bh6 23. Ng4 Nxg4 24. hxg4 a5 25. Rd5 Qb6 26. a4 Rf6 27. Rxb5
Qa7 28. Qd1 Rxf2 29. Qd8+ Kg7 30. g5 Bxg5 31. Qxa5 Qe3 32. Qb6 Qe1+ 33. Kh2 0-1

[Event "Open A"]
[Site "Panevezys"]
[Date "2008.08.15"]
[Round "5.12"]
[White "Zilinskas, Vaidas"]
[Black "Balcaite, Agne"]
[Result "1-0"]
[WhiteElo "2147"]
[BlackElo "1830"]
[PlyCount "85"]
[EventDate "2008.08.12"]

1. e4 c5 2. Nc3 Nc6 3. Bb5 g6 4. Bxc6 bxc6 5. d4 Qa5 6. dxc5 Bg7 7. Nge2 Nf6 8.
O-O Qxc5 9. Rb1 Ba6 10. Be3 Qc4 11. f3 d6 12. Qd2 O-O 13. a3 Qe6 14. Rfe1 Rfd8
15. Rbd1 Qd7 16. Nc1 Rab8 17. Nd3 e5 18. Qf2 Bxd3 19. cxd3 d5 20. Bxa7 Rb7 21.
Bc5 d4 22. Nb1 Rb3 23. Bb4 Bf8 24. Qc2 Bxb4 25. Qxb3 Bxe1 26. Rxe1 c5 27. Rc1
Qd6 28. Nd2 Rb8 29. Qc2 Nd7 30. Nc4 Qa6 31. Qd2 Rb3 32. Rf1 f6 33. f4 Nb6 34.
Qc2 Qb5 35. Nxb6 Qxb6 36. Qc4+ Kg7 37. fxe5 fxe5 38. Qf7+ Kh6 39. Qf8+ Kh5 40.
Qe7 Rxd3 41. Qxh7+ Kg5 42. h4+ Kg4 43. Qe7 1-0

[Event "Open A"]
[Site "Panevezys"]
[Date "2008.08.15"]
[Round "5.13"]
[White "Kasela, Sten"]
[Black "Rogule, Laura"]
[Result "0-1"]
[WhiteElo "1979"]
[BlackElo "2265"]
[PlyCount "90"]
[EventDate "2008.08.12"]

1. d4 d5 2. c4 e6 3. Nc3 Nf6 4. Bg5 Be7 5. Bxf6 Bxf6 6. Nf3 O-O 7. e3 c6 8. Bd3
Nd7 9. O-O g6 10. Rb1 dxc4 11. Bxc4 Qe7 12. a4 e5 13. Qc2 exd4 14. exd4 Nb6 15.
Ne4 Bg7 16. Nc5 Bf5 17. Bd3 Bxd3 18. Nxd3 Rad8 19. Nde5 Rd5 20. Qb3 Qe6 21. Nd3
Qc8 22. Nb4 Ra5 23. Ra1 Rd8 24. Nc2 Nd5 25. Rfe1 Qc7 26. Ne5 Nf4 27. Nf3 Rad5
28. Re4 Ne6 29. Rae1 h6 30. Rxe6 fxe6 31. Rxe6 Qf7 32. Qe3 Kf8 33. Qa3+ c5 34.
Re1 b6 35. Ne3 Rh5 36. d5 Kg8 37. a5 Rf8 38. Qd3 Bd4 39. Ng4 Bg7 40. Re6 Rf5
41. axb6 axb6 42. Qd2 Rd8 43. Qe2 Rfxd5 44. Re7 Rd1+ 45. Ne1 Rxe1+ 0-1

[Event "Open A"]
[Site "Panevezys"]
[Date "2008.08.15"]
[Round "5.15"]
[White "Grigaliunas, Sigitas"]
[Black "Tiuninas, Algirdas"]
[Result "1-0"]
[WhiteElo "2113"]
[BlackElo "1968"]
[PlyCount "77"]
[EventDate "2008.08.12"]

1. e4 c5 2. Nf3 e6 3. d4 cxd4 4. Nxd4 Nf6 5. Nc3 Nc6 6. Be2 Bb4 7. f3 d5 8.
Nxc6 bxc6 9. O-O O-O 10. Bg5 d4 11. Na4 h6 12. Bh4 e5 13. b3 g5 14. Bg3 Qe7 15.
Nb2 Bc3 16. Rb1 Nh5 17. Bf2 Bxb2 18. Rxb2 Nf4 19. Bc4 a5 20. Kh1 Kg7 21. Be1 c5
22. c3 f5 23. exf5 Bxf5 24. a3 Rab8 25. a4 Rfd8 26. cxd4 Rxd4 27. Rd2 Qd8 28.
Rxd4 cxd4 29. Qd2 e4 30. fxe4 Bxe4 31. Rxf4 gxf4 32. Qxf4 Bg6 33. Bd2 Qf8 34.
Qxh6+ Kf6 35. Qh4+ Ke5 36. Qg3+ Kf6 37. Qf4+ Kg7 38. Qxd4+ Kh7 39. Qh4+ 1-0

[Event "Open A"]
[Site "Panevezys"]
[Date "2008.08.15"]
[Round "5.16"]
[White "Kubilius, Jonas"]
[Black "Barsciauskas, Gintautas"]
[Result "1-0"]
[WhiteElo "2085"]
[BlackElo "1920"]
[PlyCount "115"]
[EventDate "2008.08.12"]

1. e4 d6 2. d4 Nd7 3. Nf3 e5 4. Be2 Be7 5. O-O Ngf6 6. Nc3 c6 7. Be3 O-O 8. h3
Qc7 9. Qd2 a6 10. a4 b6 11. Rfd1 Bb7 12. Nh2 b5 13. f3 b4 14. Nb1 a5 15. Qe1
Rfe8 16. Nd2 c5 17. d5 Nf8 18. Nc4 Ng6 19. g4 h6 20. Qg3 Nh7 21. Nf1 Bh4 22.
Qh2 Bg5 23. Ng3 Ba6 24. Bf2 Bf4 25. Qh1 Bg5 26. Nf5 Nf4 27. Bf1 Bxc4 28. Bxc4
g6 29. Ne3 Nf8 30. h4 Bf6 31. Bb5 Rec8 32. Kf1 Ra7 33. Ke1 Nd7 34. Kd2 Nb6 35.
Rg1 Bg7 36. c3 Rd8 37. Rgc1 Qb8 38. Qf1 Rc7 39. Bc6 Nc8 40. Bb5 Na7 41. Nc4
Nxb5 42. axb5 Qxb5 43. Rxa5 Qb7 44. Rca1 Bf8 45. Ra6 bxc3+ 46. bxc3 Rcc8 47.
Ra7 Qb5 48. Rb1 Qe8 49. Rbb7 f6 50. Nb6 Rb8 51. Qa6 g5 52. h5 Kh8 53. Kc2 Kg8
54. Rh7 Rxb6 55. Qxb6 Rb8 56. Qc7 Rb2+ 57. Kxb2 Nd3+ 58. Ka3 1-0

[Event "Open A"]
[Site "Panevezys"]
[Date "2008.08.15"]
[Round "5.17"]
[White "Silkus, Algirdas"]
[Black "Rudys, Arunas"]
[Result "1-0"]
[WhiteElo "1897"]
[BlackElo "2065"]
[PlyCount "91"]
[EventDate "2008.08.12"]

1. e4 c5 2. Nf3 d6 3. d4 cxd4 4. Nxd4 Nf6 5. Nc3 a6 6. Be2 e5 7. Nb3 Be7 8. O-O
O-O 9. Bg5 Be6 10. Bxf6 Bxf6 11. Qd3 Nc6 12. Rad1 Nb4 13. Qd2 Bg5 14. Qxd6 Qxd6
15. Rxd6 Nxc2 16. Nc5 Be7 17. Nxe6 Bxd6 18. Nxf8 Kxf8 19. Nd5 Nd4 20. Bg4 Rd8
21. Rc1 Nc6 22. Kf1 Bb8 23. a4 a5 24. Rc5 g6 25. Rb5 f5 26. Bf3 Nd4 27. Rxb7
Rc8 28. Nc3 Bd6 29. exf5 gxf5 30. Bd5 Rc7 31. Rb8+ Kg7 32. Rg8+ Kh6 33. g4 fxg4
34. Rxg4 Kh5 35. h3 Nf5 36. Ne4 Be7 37. Nc3 Nh4 38. Bc4 Bg5 39. Ne4 Nf3 40. Kg2
Nh4+ 41. Kf1 h6 42. Nd6 Rd7 43. Bf7+ Rxf7 44. Nxf7 Bf4 45. Nd8 Nf5 46. Nc6 1-0

[Event "Open A"]
[Site "Panevezys"]
[Date "2008.08.15"]
[Round "5.18"]
[White "Beinoraite, Viktorija"]
[Black "Janusaitis, Mindaugas"]
[Result "1-0"]
[WhiteElo "2012"]
[BlackElo "1939"]
[PlyCount "47"]
[EventDate "2008.08.12"]

1. d4 Nf6 2. c4 g6 3. Nc3 Bg7 4. Nf3 O-O 5. g3 d6 6. Bg2 Nbd7 7. O-O e5 8. e4
exd4 9. Nxd4 a5 10. Be3 Nc5 11. Nc2 Be6 12. Qe2 Nfd7 13. f4 Bxc3 14. bxc3 Nb6
15. Na3 f6 16. h4 Qe8 17. f5 Bxc4 18. Nxc4 Qb5 19. fxg6 hxg6 20. Qg4 Qxc4 21.
Qxg6+ Kh8 22. Rf5 Qe2 23. Rh5+ Qxh5 24. Qxh5+ 1-0

[Event "Open A"]
[Site "Panevezys"]
[Date "2008.08.15"]
[Round "5.20"]
[White "Stalemekas, Ernestas"]
[Black "Kviliunas, Vladislovas"]
[Result "1/2-1/2"]
[WhiteElo "2151"]
[BlackElo "1877"]
[PlyCount "101"]
[EventDate "2008.08.12"]

1. d4 Nf6 2. Nf3 c5 3. d5 e6 4. c4 exd5 5. cxd5 d6 6. Nc3 Bf5 7. e4 Bg4 8. Bb5+
Nbd7 9. O-O a6 10. Bxd7+ Nxd7 11. h3 Bxf3 12. Qxf3 Qf6 13. Qxf6 gxf6 14. f4 h5
15. a4 b6 16. Nd1 f5 17. e5 dxe5 18. fxe5 Nxe5 19. Rxf5 Bg7 20. Bf4 Nd7 21. Nf2
O-O-O 22. Ne4 Bd4+ 23. Kh1 Rdf8 24. Nd6+ Kd8 25. Nxf7+ Kc8 26. Bd6 Bxb2 27. Rb1
Bd4 28. Bxf8 Rxf8 29. Nd6+ Kc7 30. Rxf8 Nxf8 31. Nc4 Nd7 32. g4 hxg4 33. hxg4
Ne5 34. d6+ Kd7 35. Nxb6+ Kxd6 36. g5 Nf3 37. g6 Nh4 38. Rg1 Nf5 39. Re1 Ne7
40. Nc4+ Kd7 41. Nb6+ Kd6 42. Nc4+ Kd7 43. Rb1 Nxg6 44. Rb7+ Kc6 45. Na5+ Kd5
46. Rd7+ Ke4 47. Rd6 Ne5 48. Rxa6 c4 49. Rd6 Bc5 50. Rd1 Bb4 51. Nxc4 1/2-1/2